书目信息 |
| 题名: |
辨证唯物主义和历史唯物主义原理
|
|
| 作者: | 李秀林 王于 李淮春 | |
| 分册: | ||
| 出版信息: | 北京 中国人民大学出版社 1991 |
|
| 页数: | 416页 | |
| 开本: | 20cm | |
| 丛书名: | ||
| 单 册: | ||
| 中图分类: | B201 , B02 | |
| 科图分类: | ||
| 主题词: | 辩证唯物主义 | |
| 电子资源: | ||
| ISBN: | 7-300-01112-8 | |
| 000 | 00638nam0 2200193 450 | |
| 001 | 1540990274 | |
| 005 | 20150121112335.70 | |
| 010 | @a7-300-01112-8@dCNY0.27 | |
| 100 | @a20070819d km y0chiy0120 ea | |
| 101 | 0 | @achi |
| 200 | 1 | @a辨证唯物主义和历史唯物主义原理@Abian zheng wei wu zhu yi he li shi wei wu zhu yi yuan li@f李秀林 王于 李淮春@Fli xiu lin wang yu li huai chun |
| 210 | @a北京@c中国人民大学出版社@d1991 | |
| 215 | @a416页@d20cm | |
| 606 | 0 | @a辩证唯物主义 |
| 690 | @aB201@v3 | |
| 690 | @aB02@v4 | |
| 701 | 0 | @a李秀林 王于 李淮春@Ali xiu lin wang yu li huai chun |
| 801 | 0 | @aCN@bPFT@c20070819 |
| 905 | @a213230@dB02@eJY5@f1 | |
| 辨证唯物主义和历史唯物主义原理/李秀林 王于 李淮春.-北京:中国人民大学出版社,1991 |
| 416页;20cm |
| ISBN 7-300-01112-8:CNY0.27 |
| ● |
| 相关链接 |
|
|
|
|
正题名:辨证唯物主义和历史唯物主义原理
索取号:B02/JY5
 
预约/预借
| 序号 | 登录号 | 条形码 | 馆藏地/架位号 | 状态 | 备注 |
| 1 | 7856676 | 278566767 | 学院路分馆/ [索取号:B02/JY5] | 在馆 |